Gimme Five: Sports Quiz Stats

 Plays Quiz Updated Apr 28, 2016

Challenge
Share
Tweet
Embed
Score 0/60 Timer 07:00
9 Plays Today
Question Answer % Correct
Gimme the five most popular high school sports for boys (U.S.).Football
95.2%
Gimme the five most popular high school sports for boys (U.S.).Basketball
93.5%
Gimme the five countries that have won the most medals at the Summer Olympics.United States
93.1%
Gimme the five Chicago teams that hail from the four major pro sports.White Sox
92.8%
Gimme the five most popular high school sports for boys (U.S.).Baseball
92.6%
Gimme the five male golfers who have won the most major championships.Tiger Woods
92.5%
Gimme the five college and pro teams Brett Favre played for.Packers
92.5%
Gimme the five Chicago teams that hail from the four major pro sports.Cubs
92.3%
Gimme the five Chicago teams that hail from the four major pro sports.Bulls
91.9%
Gimme the five Chicago teams that hail from the four major pro sports.Bears
91.8%
Gimme the five college basketball players who made up Michigan's Fab Five.Jalen Rose
88.9%
Gimme the five college and pro teams Brett Favre played for.Vikings
88.9%
Gimme the first five college football bowl games, historically.Rose
88.6%
Gimme the five Chicago teams that hail from the four major pro sports.Blackhawks
86.8%
Gimme the five pro basketball teams (NBA and WNBA) in California.Lakers
85.7%
Gimme the five college and pro teams Brett Favre played for.Jets
84%
Gimme the five most popular high school sports for boys (U.S.).Soccer
82%
Gimme the five countries that have won the most medals at the Summer Olympics.Soviet Union
81.3%
Gimme the five most popular high school sports for boys (U.S.).Track
79.9%
Gimme the first five college football bowl games, historically.Orange
76.9%
Gimme the five pro basketball teams (NBA and WNBA) in California.Clippers
76.8%
Gimme the five National Hockey League teams with the most all-time wins.Red Wings
74.6%
Gimme the five countries that have won the most medals at the Summer Olympics.Germany
74.4%
Gimme the five baseball teams that the Yankees have faced most often in the World Series.Dodgers
74.1%
Gimme the five countries that have won the most medals at the Summer Olympics.Great Britain
72.7%
Gimme the five male tennis players who have the most Grand Slam victories.Roger Federer
71.7%
Gimme the five National Hockey League teams with the most all-time wins.Canadiens
71.5%
Gimme the five male golfers who have won the most major championships.Jack Nicklaus
71%
Gimme the five pro basketball teams (NBA and WNBA) in California.Kings
70.8%
Gimme the five college basketball players who made up Michigan's Fab Five.Jimmy King
70.8%
Question Answer % Correct
Gimme the five National Hockey League teams with the most all-time wins.Bruins
70.6%
Gimme the five baseball teams that the Yankees have faced most often in the World Series.Giants
69.5%
Gimme the first five college football bowl games, historically.Sugar
68.8%
Gimme the five National Hockey League teams with the most all-time wins.Rangers
68.5%
Gimme the five baseball teams that the Yankees have faced most often in the World Series.Cardinals
68.4%
Gimme the five baseball teams that the Yankees have faced most often in the World Series.Reds
67.8%
Gimme the five pro basketball teams (NBA and WNBA) in California.Warriors
66.8%
Gimme the five male tennis players who have the most Grand Slam victories.Pete Sampras
66.2%
Gimme the five countries that have won the most medals at the Summer Olympics.France
65.7%
Gimme the five National Hockey League teams with the most all-time wins.Maple Leafs
64.4%
Gimme the five college basketball players who made up Michigan's Fab Five.Chris Webber
63.3%
Gimme the first five college football bowl games, historically.Cotton
63.2%
Gimme the five Winter Olympic events that don't require skis or skates.Bobsled
60.5%
Gimme the five college and pro teams Brett Favre played for.Southern Mississippi
59.9%
Gimme the five baseball teams that the Yankees have faced most often in the World Series.Braves
59.6%
Gimme the five college and pro teams Brett Favre played for.Falcons
57.6%
Gimme the five Winter Olympic events that don't require skis or skates.Luge
55.9%
Gimme the five Winter Olympic events that don't require skis or skates.Curling
51.7%
Gimme the five pro basketball teams (NBA and WNBA) in California.Sparks
50.5%
Gimme the five college basketball players who made up Michigan's Fab Five.Juwan Howard
45.2%
Gimme the five male tennis players who have the most Grand Slam victories.Rafael Nadal
42%
Gimme the five Winter Olympic events that don't require skis or skates.Snowboard
34.5%
Gimme the five Winter Olympic events that don't require skis or skates.Skeleton
32.9%
Gimme the five male golfers who have won the most major championships.Ben Hogan
26.1%
Gimme the five male golfers who have won the most major championships.Gary Player
25%
Gimme the five college basketball players who made up Michigan's Fab Five.Ray Jackson
24.6%
Gimme the five male tennis players who have the most Grand Slam victories.Laver & Borg
23.8%
Gimme the first five college football bowl games, historically.Sun
18.1%
Gimme the five male golfers who have won the most major championships.Walter Hagen
8.7%
Gimme the five male tennis players who have the most Grand Slam victories.Roy Emerson
3.2%

You're not logged in!

Compare scores with friends on all Sporcle quizzes.
OR
Log In

You Might Also Like...

Show Comments

Extras

Top Quizzes Today


Score Distribution

Your Account Isn't Verified!

In order to create a playlist on Sporcle, you need to verify the email address you used during registration. Go to your Sporcle Settings to finish the process.

Report this User

Report this user for behavior that violates our Community Guidelines.

Details: